000 00780nam a2200193 a 4500
001 000041549
005 20201002035632.0
008 131009s1988 sp 000 0 spa d
020 _a8400067320
040 _aDO-SdBNP
_bspa
_cBNPHU
100 1 _aIbn Wassah, Muhammad b. Bazi
_968291
245 1 0 _aKitâb Al-Bida' :
_btratado contra las innovaciones /
_cMuhammad b. Waddah al-Qurtubi ; nueva edición, traducción, estudio e índices por M. Isabel Fierro.
260 _aMadrid :
_bCSIC,
_c1988.
300 _a411 p. ;
_c22 cm.
504 _aBibliografía : p. 408-411
504 _aIncluye referencias bibliográficas y notas al pie de las páginas
700 1 _aFierro Bello, María Isabel
_etr.
_91593
710 2 _aInstituto de Filología, Departamento de Estudios Arabes
_968012
999 _c41039
_d41039